<An> Introduction to management science quantitative approaches to decision making
Guardado en:
| Autor principal: | |
|---|---|
| Otros Autores: | , |
| Formato: | Libro |
| Lenguaje: | inglés |
| Publicado: |
St. Paul
West Publishing Company
1991
|
| Edición: | 6. ed. |
| Materias: | |
| Etiquetas: |
Sin Etiquetas, Sea el primero en etiquetar este registro!
|
MARC
| LEADER | 00000nam a2200000 4500 | ||
|---|---|---|---|
| 001 | c101263 | ||
| 005 | 20221123102227.0 | ||
| 020 | |a 0-314-79321-6 | ||
| 041 | 0 | |a eng | |
| 044 | |a US | ||
| 245 | 1 | 0 | |a <An> Introduction to management science |b quantitative approaches to decision making |c David R. Anderson, Dennis J. Sweeney, Thomas A. Williams |
| 250 | |a 6. ed. | ||
| 264 | 1 | |a St. Paul |b West Publishing Company |c 1991 | |
| 300 | |a 868 s. | ||
| 610 | 2 | 0 | |a manažment |
| 610 | 2 | 0 | |a rozhodovanie |
| 610 | 2 | 0 | |a programovanie lineárne |
| 610 | 2 | 0 | |a analýzy |
| 610 | 2 | 0 | |a marketing |
| 610 | 2 | 0 | |a doprava |
| 610 | 2 | 0 | |a modely |
| 610 | 2 | 0 | |a spracovanie dát automatické |
| 610 | 2 | 0 | |a procesy Markovove |
| 610 | 2 | 0 | |a programovanie dynamické |
| 610 | 2 | 0 | |a riadenie |
| 100 | 1 | |a Anderson, David R. | |
| 700 | 1 | |a Sweeney, Dennis J. | |
| 700 | 1 | |a Williams, Thomas A. | |